WILSON AND WALKERS PRINCIPLES AND TECHNIQUES OF BIOCHEMISTRY AND MOLECULAR BIOLOGY (Record no. 7998)

MARC details
000 -LEADER
fixed length control field 00511nam a22001697a 4500
005 - DATE AND TIME OF LATEST TRANSACTION
control field 20230117115831.0
008 - FIXED-LENGTH DATA ELEMENTS--GENERAL INFORMATION
fixed length control field 220307b ||||| |||| 00| 0 eng d
020 ## - INTERNATIONAL STANDARD BOOK NUMBER
ISBN 9781316677056
041 ## - LANGUAGE CODE
Language code of text/sound track or separate title eng
082 ## - DEWEY DECIMAL CLASSIFICATION NUMBER
Classification number 572
Item number HOF-P
100 ## - MAIN ENTRY--AUTHOR NAME
Personal name HOFMANN, ANDREAS AND CLOKIE, SAMUEL
245 ## - TITLE STATEMENT
Title WILSON AND WALKERS PRINCIPLES AND TECHNIQUES OF BIOCHEMISTRY AND MOLECULAR BIOLOGY
260 ## - PUBLICATION, DISTRIBUTION, ETC. (IMPRINT)
Place of publication NEW DELHI
Name of publisher CAMBRIDGE UNIVERSITY PRESS
Year of publication 2018
300 ## - PHYSICAL DESCRIPTION
Number of Pages 929;p
650 ## - SUBJECT ADDED ENTRY--TOPICAL TERM
Topical Term PHARMACY
General subdivision B.PHARMA
942 ## - ADDED ENTRY ELEMENTS (KOHA)
Koha item type Books
Holdings
Lost status Damaged status Collection code Home library Current library Shelving location Date acquired Source of acquisition Cost, normal purchase price Full call number Accession Number Koha item type
    PHARMACY JRU Library JRU Library SHELF - 10 - C 07/03/2022 PURCHASE 1095.00 572 26775 Books
    PHARMACY JRU Library JRU Library SHELF-104-D 07/03/2022 PURCHASE 1095.00 572 26776 Books